Franchising je výhodný distribuční systém

Používanie termínu franchising v minulosti a dnes. Oficiálna definícia franchisingu podľa Európskeho etického kódexu. Definícia pojmu know-how ako súboru informácií, ktoré môžu byť dôverné, podstatné a identifikovateľné. Rôzne druhy franchisingových zmlúv, vypovedajúce aj o typoch franchisingu. Využ...

Descrizione completa

Salvato in:
Dettagli Bibliografici
Autore principale: Turnerová, Lenka
Natura: Capitolo di libro
Lingua:ceco
Soggetti:
Tags: Aggiungi Tag
Nessun Tag, puoi essere il primo ad aggiungerne!!

MARC

LEADER 00000naa a2200000 4500
001 r033952
005 20230522101809.8
041 0 |a cze 
044 |a CZ 
245 1 0 |a Franchising je výhodný distribuční systém  |c Lenka Turnerová 
520 |a Používanie termínu franchising v minulosti a dnes. Oficiálna definícia franchisingu podľa Európskeho etického kódexu. Definícia pojmu know-how ako súboru informácií, ktoré môžu byť dôverné, podstatné a identifikovateľné. Rôzne druhy franchisingových zmlúv, vypovedajúce aj o typoch franchisingu. Využitie franchisingu. Firmy pracujúce na báze franchisingu v ČR. 
610 2 0 |a franchising 
610 2 0 |a franšíza 
610 2 0 |a know-how 
610 2 0 |a zmluvy 
610 2 0 |a distribúcia 
610 2 0 |a dohody 
610 2 0 |a Česko 
610 2 0 |a história 
610 2 0 |a kódexy 
610 2 0 |a pojmy 
100 1 |a Turnerová, Lenka